000 nam a22 7a 4500
999 _c234686
_d234686
003 Nust
005 20170329130904.0
008 170329b xxu||||| |||| 00| 0 eng d
040 _cDLC
082 _a363.3493095 PAK
245 _aPakistan : Floods 2010
942 _2ddc
_cBK